000 00696nam a2200253Ia 4500
003 OSt
005 20220918184819.0
006 a|||||r|||| 00| 0
007 ta
008 220917b |||||||| |||| 00| 0 eng d
024 _a48,214
037 _cTextual
040 _aARTS
_cARTS
_beng
041 _2eng
_aeng
082 _aP0gG, L1
100 _aKrishnamurthy K H
_966728
245 0 _aNew approach to the science of language
260 _aMysore
_bUniv Of Mysore
_c1971
300 _a105p.
_ccm.
490 _aUniversity of Mysore : Special lectures series; 34
650 _aLINGUISTICS
942 _hP0gG, L1
_cTEXL
_2CC
999 _c177884
_d177884